| 000 | 00596nam a2200229Ia 4500 | ||
|---|---|---|---|
| 005 | 20230430090806.0 | ||
| 008 | 230125s9999 xx 000 0 und d | ||
| 020 | _a9789386224040 | ||
| 041 | _aeng | ||
| 082 |
_a823 _bPAT |
||
| 100 |
_aPattanaik D _9108172 |
||
| 245 | _a7 Secrets of Shiva - From the Hindu Trinity Series | ||
| 250 | _a1st Ed. | ||
| 260 |
_c2018 _bWestland Publications _aChennai |
||
| 300 | _a221p | ||
| 500 | _aEnglish Literature | ||
| 650 | _aEnglish Literature | ||
| 700 |
_aPattanaik D _9108172 |
||
| 906 | _b99.75 | ||
| 942 | _cBK | ||
| 999 |
_c96690 _d96690 |
||